000 00462nmm a2200157Ia 4500
008 251105s9999||||xx |||||||||||||||||und||
020 _a9788416345557
041 _aspa
100 _aCaparrós, Nicolás
245 0 _aÉpica, mito y tragedia : Edipo más allá de Grecia
264 _a[Madrid, España] :
_bBiblioteca Nueva,
_c2015
300 _a528 páginas
650 _aMythology
856 _uhttps://public.digitaliapublishing.com/a/40170
942 _cCF
999 _c77599
_d77599